00930nam a2200277Ia 450000500170000000800270001702000180004410000190006224500970008125000180017830000650019653400220026165000260028365000240030965000330033370000250036670000420039194200150043326400550044833600270050333700330053033800280056304000350059108400110062699900150063720220317000401.0141031s9999 ck 000 0 spa d a97884966466811 aRichter, Jutta10aCuando yo hice de María cJutta Richter, Jacky Gleich ; traducción de Eduardo Martínez a1a. edición a[38] páginas sin enumerarbilustraciones en colorc123 cm. tAls ich Maria war142LEMBaNavidadvCuento142LEMBaDeseovCuento142LEMBaPadres e hijosvCuento1 aGleich, Jacky9155641 aMartínez, Eduardoetraductor915568 2loccBKINF a[Santa Marta de Tormes, Salamanca]bLóguezc2011 atextobtxt2rdacontent asin mediaciónbn2rdamedia avolumenbnc2rdacarrier aCO-BoRNBPbspaerdacCO-BoRNBP aC RIC1 c3887d3887